000 01205nam a2200289Ia 4500
001 ebr10344053
003 CaPaEBR
006 m u
007 cr cn|||||||||
008 090730s2010 enka s 000 0 eng d
020 _z9781405190794 (hbk.)
020 _z1405190795 (hbk.)
040 _aCaPaEBR
_cCaPaEBR
035 _a(OCoLC)646847393
050 1 4 _aRC280.G5
_bG88 2009eb
245 0 0 _aGynecological cancer management
_h[electronic resource] :
_bidentification, diagnosis and treatment /
_cedited by Daniel Clarke-Pearson, John T. Soper.
260 _aOxford ;
_aHoboken, NJ :
_bWiley-Blackwell,
_c2010.
300 _axi, 196 p. :
_bill.
533 _aElectronic reproduction.
_bPalo Alto, Calif. :
_cebrary,
_d2010.
_nAvailable via World Wide Web.
_nAccess may be limited to ebrary affiliated libraries.
650 0 _aGenerative organs, Female
_xCancer.
650 0 _aGenerative organs, Female
_xCancer
_xTreatment.
655 7 _aElectronic books.
_2local
700 1 _aClarke-Pearson, Daniel L.
700 1 _aSoper, John.
710 2 _aebrary, Inc.
856 4 0 _uhttp://site.ebrary.com/lib/rucke/Doc?id=10344053
_zAn electronic book accessible through the World Wide Web; click to view
999 _c48691
_d48691